El sueño de descartes. (Registro nro. 27534)
[ vista simple ]
| 000 -CABECERA | |
|---|---|
| campo de control de longitud fija | 00258nam a2200109 a 4500 |
| 001 - NÚMERO DE CONTROL | |
| campo de control | 000028042 |
| 005 - FECHA Y HORA DE LA ÚLTIMA TRANSACCIÓN | |
| campo de control | 20200930031312.0 |
| 008 - DATOS DE LONGITUD FIJA--INFORMACIÓN GENERAL | |
| campo de control de longitud fija | 110406s1989 000 spa d |
| 040 ## - FUENTE DE LA CATALOGACIÓN | |
| Centro catalogador/agencia de origen | DO-SdBNP |
| 245 #0 - MENCIÓN DE TÍTULO | |
| Título | El sueño de descartes. |
| 260 ## - PUBLICACIÓN, DISTRIBUCIÓN, ETC. | |
| Lugar de publicación, distribución, etc. | Barcelona, |
| Fecha de publicación, distribución, etc. | 1989. |
| Estado de retiro | Estado de pérdida | Restricciones de uso | No para préstamo | Código de colección | Localización permanente | Ubicación/localización actual | Ubicación en estantería | Fecha de adquisición | Número de inventario | Total de préstamos | Signatura topográfica completa | Código de barras | Fecha visto por última vez | Precio válido a partir de | Tipo de ítem Koha |
|---|---|---|---|---|---|---|---|---|---|---|---|---|---|---|---|
| Monografías: Libros y Folletos | General | General | Orden iniciada | 06.04.2011 | LF1 | 28042-10 | 25.06.2020 | 25.06.2020 | No se presta |
